000 00481nam a2200217Ia 4500
008 101110s9999 xx 000 0 und d
041 _aMARATHI
082 _bSR32668
100 _aValimbe V.S.
245 _aTin yudhakatha
260 _c201
_bAbhijit prakashan,Pune
300 _a190
365 _b100
520 _aHistory
546 _aMARATHI
630 _aTin yudhakatha
650 _aHistory
655 _aHistory
730 _aTin yudhakatha
942 _cBOOK
999 _c825169
_d825166